Chansons les plus streamées : Calogero - Statistiques

Statistiques générales
  • Ce quiz a été pris 218 fois
    44 depuis la dernière actualisation
  • Le résultat moyen est 6 sur 10
Statistiques - réponses
Nb de streams Chanson % Correct
52 000 000 En apesanteur
89%
19 500 000 Un jour au mauvais endroit
87%
51 500 000 Face à la mer (avec Passi)
76%
45 500 000 Le portrait
76%
26 000 000 Je joue de la musique
68%
12 000 000 Pomme C
63%
28 000 000 Si seulement je pouvais lui manquer
61%
40 000 000 1987
58%
12 500 000 Avant toi
18%
27 500 000 Jimmy (avec les Cats On Trees)
11%
Aucun quiz correspondant
Distribution des résultats
% des personnes avec chaque résultat
Percentile par nombre de réponses
Votre historique - résultats
Vous n’avez pas pris ce quiz depuis la dernière actualisation